Essential molecular biology ed by T A Brown (Record no. 1209500)
[ view plain ]
| 000 -LEADER | |
|---|---|
| fixed length control field | 01053nam a2200289Ia 4500 |
| 003 - CONTROL NUMBER IDENTIFIER | |
| control field | OSt |
| 005 - DATE AND TIME OF LATEST TRANSACTION | |
| control field | 20221007121906.0 |
| 008 - FIXED-LENGTH DATA ELEMENTS--GENERAL INFORMATION | |
| fixed length control field | 221006b |||||||| |||| 00| 0 eng d |
| 020 ## - INTERNATIONAL STANDARD BOOK NUMBER | |
| International Standard Book Number | 0199636443(V 2) (pbk) |
| 037 ## - SOURCE OF ACQUISITION | |
| Terms of availability | Textual |
| 040 ## - CATALOGING SOURCE | |
| Original cataloging agency | BDL |
| Transcribing agency | BDL |
| Language of cataloging | eng |
| 041 ## - LANGUAGE CODE | |
| Source of code | eng |
| Language code of text/sound track or separate title | eng |
| 100 ## - MAIN ENTRY--PERSONAL NAME | |
| Personal name | Brown T A Ed |
| 245 #0 - TITLE STATEMENT | |
| Title | Essential molecular biology ed by T A Brown |
| 250 ## - EDITION STATEMENT | |
| Edition statement | Ed 2 |
| 260 ## - PUBLICATION, DISTRIBUTION, ETC. | |
| Place of publication, distribution, etc. | Oxford |
| Name of publisher, distributor, etc. | Oxford University Press |
| Date of publication, distribution, etc. | 2001 |
| 490 ## - SERIES STATEMENT | |
| Series statement | The practical approach series |
| 500 ## - GENERAL NOTE | |
| General note | V 2:(xix, 289), Includes bibliographical references, Appendix (1-7, 245-283p), Index (285-289p); ^n23/CSL/CARB/2003-2004/1427^d2004-03-17^mPurchase; ; 2003-04/946^b2004-03-23^c202/03^d2004-03-18^eRs.4,477.00^fN R Book Distributors; ; 2004-04-27^bSB^c2004-04-27^dVinay |
| 650 ## - SUBJECT ADDED ENTRY--TOPICAL TERM | |
| Topical term or geographic name entry element | Cell |
| 9 (RLIN) | 650605 |
| 650 ## - SUBJECT ADDED ENTRY--TOPICAL TERM | |
| Topical term or geographic name entry element | Biology |
| 942 ## - ADDED ENTRY ELEMENTS (KOHA) | |
| Classification part | G11, P0.2 |
| Koha item type | Textual |
| Source of classification or shelving scheme | Colon Classification (CC) |
| Withdrawn status | Lost status | Source of classification or shelving scheme | Damaged status | Not for loan | Home library | Current library | Date acquired | Source of acquisition | Total Checkouts | Full call number | Barcode | Date last seen | Price effective from | Koha item type |
|---|---|---|---|---|---|---|---|---|---|---|---|---|---|---|
| Colon Classification (CC) | Department of Botany Library | Department of Botany Library | 2022-10-07 | N R, | G11 P0.2 | BD0004907 | 2022-10-07 | 2022-10-07 | Textual |
